It looks like you're offline.
Open Library logo
additional options menu

MARC Record from Scriblio

Record ID marc_records_scriblio_net/part21.dat:38712980:702
Source Scriblio
Download Link /show-records/marc_records_scriblio_net/part21.dat:38712980:702?format=raw

LEADER: 00702nam 22001937a 4500
001 89895242
003 DLC
005 19890502145256.0
008 890421s1749 enka 00010 eng
010 $a 89895242
043 $ae-uk-en
050 0 $aAC901$b.M5 vol. 52, no. 3
100 10 $aGwynn, John,$dd. 1786.
245 13 $aAn essay on design :$bincluding proposals for erecting a public academy ... for educating the British youth in drawing, and the several arts depending thereon.
260 0 $aLondon :$bPrinted and sold by I. Brindley ..., S. Harding ..., & M. Payne ...,$c1749.
300 $a92 p. :$bill. ;$c21 cm.
510 4 $aNUC pre-1956$cNG 0619916
650 0 $aDesign.
650 0 $aDrawing$xTechnique.